MARC

LEADER 00000nam0a2200000 4500
001 119241
005 20231101215528.0
010 |a 5292007625 
020 |a RU  |b 89-60368 
035 |a (RuTPU)RU\TPU\book\129041 
090 |a 119241 
100 |a 20070627d1989 m a0rusy5003 ca 
101 0 |a rus 
102 |a RU 
105 |a a z 001zy 
200 1 |a Семиуровневые системы в геологии и смежных областях  |f Ю. С. Кононов  |g Нижне-Волжский научно-исследовательский институт геологии и геофизики 
210 |a Саратов  |c Изд-во Сарат. ун-та  |d 1989 
215 |a 92 с.  |c ил. 
320 |a Библиогр.: с. 87-92. 
610 1 |a системные методы 
610 1 |a геология 
675 |a 55.001  |v 3 
700 1 |a Кононов  |b Ю. С.  |g Юрий Сергеевич 
712 0 2 |a Нижне-Волжский научно-исследовательский институт геологии и геофизики  |2 stltpush  |3 (RuTPU)RU\TPU\col\12021  |9 25324 
801 0 |a RU  |b RuMRKP  |c 19950417  |g psbo 
801 1 |a RU  |b 63413507  |c 20070627  |g PSBO 
801 2 |a RU  |b 63413507  |c 20080215  |g PSBO 
942 |c BK